000 00413nam a2200097Ia 4500
008 160725s9999 xx 000 0 und d
100 _aVillegas, Ma. Carmelita A.
245 _a(2013, March). Assessment and evaluation of learning : a critical view of portfolio assessment. Kaizen Research Journal College of Nursing, 2, 1-15.
260 _bKaizen Research Journal College of Nursing
_cMarch 2013
650 _aNURSING
999 _c298029
_d298029